• 首页
  • 本馆介绍
  • 公告通知
  • 最新文献
  • 馆藏检索
  • 电子资源
  • 读者导购
  • 参考咨询
  • 我的图书馆
  • 登录
  • 详细信息显示
  • 放入我的书架
  • 预约/预借图书
  • 作者相关作品
  • 分类相关作品
  • 丛书相关作品
  • 出版社相关作品

书目信息

  • 表格格式
  • 工作单格式
  • 卡片格式
题名:
星云世界
    
 
作者: 哈勃 著 ;吴燕 译
分册:  
出版信息: 北京   北京大学出版社  2016.09
页数: 14, 19, 198页
开本: 26cm
丛书名: 科学素养文库·科学元典丛书
单 册:
中图分类: P155
科图分类:
主题词: 星云--xing yun--研究
电子资源:
ISBN: 978-7-301-27548-1
000 01251oam2 2200277 450
001 2030190330
005 20220902104549.65
010    @a978-7-301-27548-1@dCNY59.00
100    @a20181129e20192016em y0chiy50 ea
101 1  @achi@ceng
102    @aCN@b110000
105    @aa z 000yy
200 1  @a星云世界@9xing yun shi jie@dThe realm of the nebulae@f(美)哈勃著@g吴燕译@zeng
210    @a北京@c北京大学出版社@d2016.09@h2019.03
215    @a14, 19, 198页@c照片, 图@d26cm
225 2  @a科学素养文库·科学元典丛书@9ke xue su yang wen ku ke xue yuan dian cong shu@h第三辑@f任定成主编
300    @a“十三五”国家重点图书出版规划北京大学通识教育经典名著阅读计划
330    @a哈勃被誉为“20世纪的哥白尼”,他对银河外星系的确定,使人们明白银河系也只是这个世界的沧海一粟;他对宇宙膨胀的发现则令爱因斯坦为之震惊,也被霍金赞为20世纪一项的理性革命。本书对空间探索的进展、星云的分布、特征、距离、速度等做了系统的论述;文笔生动,可读性强。
461  0 @12001 @a科学素养文库·科学元典丛书
510 1  @aRealm of the nebulae@zeng
606 0  @a星云@9xing yun@x研究
690    @aP155@v5
701  0 @c(美)@a哈勃@9ha bo@c(Hubble,Edwin Powell@f1889~1953)@4著
702  0 @a吴燕@9wu yan@4译
801  0 @aCN@bBJSZM@c20201201
905    @b1246676-9@dP155@e351@f4
    
    星云世界=The realm of the nebulae/(美)哈勃著/吴燕译.-北京:北京大学出版社,2016.09(2019.03)
    14, 19, 198页:照片, 图;26cm.-(科学素养文库·科学元典丛书.第三辑/任定成主编)
    “十三五”国家重点图书出版规划北京大学通识教育经典名著阅读计划
    
    ISBN 978-7-301-27548-1:CNY59.00
    哈勃被誉为“20世纪的哥白尼”,他对银河外星系的确定,使人们明白银河系也只是这个世界的沧海一粟;他对宇宙膨胀的发现则令爱因斯坦为之震惊,也被霍金赞为20世纪一项的理性革命。本书对空间探索的进展、星云的分布、特征、距离、速度等做了系统的论述;文笔生动,可读性强。
●
相关链接 在E读中查询图书 在五车中查询图书 在当当中查询图书 在豆瓣中查询图书


正题名:星云世界     索取号:P155/351         预约/预借

序号 登录号 条形码 馆藏地/架位号 状态 备注
1 1056619   210566190   第三借阅区/ [索取号:P155/351] 在馆    
2 1246676   212466767   第二样本阅览室/ [索取号:P155/351] 在馆    
3 1246677   212466776   第三借阅区/ [索取号:P155/351] 在馆    
4 1246678   212466785   第三借阅区/ [索取号:P155/351] 在馆    
5 1246679   212466794   第三借阅区/ [索取号:P155/351] 在馆    
唐山师范学院图书馆 欢迎您!
大连网信软件有限公司© 版权所有